[Event "Preinscritos IRT Online"]
[Site "Chess.com INT"]
[Date "2020.12.26"]
[Round "8"]
[White "Cuaical Benavides, Dana Mirtha"]
[Black "Alarcon Osorio, Marco Antonio"]
[Result "0-1"]
[WhiteElo "892"]
[BlackElo "1189"]
[PlyCount "36"]
[EventDate "2020.12.26"]
[EventType "swiss"]
[EventRounds "11"]
[EventCountry "ECU"]
[SourceTitle "CBM 200 Extra"]
[Source "ChessBase"]
[SourceDate "2021.03.31"]
[SourceVersion "1"]
[SourceVersionDate "2021.03.31"]
[SourceQuality "1"]

1. e4 e6 2. Nc3 d5 3. Nf3 c5 4. d3 Nf6 5. exd5 exd5 6. Bf4 Bd6 7. Qe2+ Be6 8. Be5 Bxe5 9. Qxe5 0-0 10. d4 Re8 11. Bd3 Bg4 12. Qxe8+ Qxe8+ 13. Be2 cxd4 14. Nd1 Nc6 15. h3 Bf5 16. g4 Bxc2 17. Rg1 d3 18. h4 Qxe2# 0-1